Musique Que signifient ces termes italiens ? (1) - Statistiques

Statistiques générales
  • Ce quiz a été pris 114 fois
  • Le résultat moyen est 13 sur 19
Statistiques - réponses
Hint Réponse % Correct
Un poco forte Un peu fort
98%
Dolce Doux
97%
Mezza voce A mi-voix
95%
Forte subito Soudainement fort
90%
Nobile Noble
88%
Intermezzo Intermède
86%
Opera Oeuvre
86%
Semplice Simplement
81%
Tasto solo Sur la touche seule, sans accord
78%
Quieto Calme
75%
Energico Vivement
74%
Ritenente En retenant
73%
Piangendo Plaintif
68%
Vivace Vif
68%
Ballabile Dansable
57%
Coda Fin
49%
Garbato Avec grâce
45%
Lagrimoso Eploré
24%
A cappricio Librement
5%
Aucun quiz correspondant
Distribution des résultats
% des personnes avec chaque résultat
Percentile par nombre de réponses
Votre historique - résultats
Vous n’avez pas pris ce quiz